| 000 | 01162na a2200313 4500 | ||
|---|---|---|---|
| 001 | 20984 | ||
| 003 | MIRAKIL | ||
| 005 | 20181213154826.0 | ||
| 008 | 170130b tu 000 0 | ||
| 035 | _a20984 | ||
| 040 |
_aMilas _btur _cTR-AnCHP |
||
| 041 | _atur | ||
| 082 |
_aCHP 324.2172 _bİ73 2012 |
||
| 090 | _aBROŞÜR 249 | ||
| 245 |
_aİşte AKP'nin Türkiye'si _c[hazırlayan] CHP |
||
| 246 | _aAKP Türkiyesi | ||
| 260 |
_aAnkara _bCHP _c2012 |
||
| 300 |
_a15, [1] s. _brnk. res. _c21 sm. |
||
| 440 |
_aCumhuriyet Halk Partisi yayınları _pRaporlar |
||
| 505 | _aDemokrasi - Özürlükler - İnsani gelişmişlik endeksi (HDI) - Basın özgürlüğü - Tutuklu gazeteciler - İnternet özgürlüğü - Yargı ve ihlaller - Cinsiyet eşitliği - Toplumsal yaşam - Eğitim ve öğrenciler - Ekonomi | ||
| 610 |
_aCHP _xİktidar eleştirisi _ySiyaset ve yönetim |
||
| 610 |
_aAKP _xSiyaset ve yönetim _y2002- |
||
| 650 |
_aSosyo ekonomik göstergeler _xAKP dönemi _zTürkiye |
||
| 651 |
_aTürkiye _xSosyo ekonomik durum _y2002- |
||
| 657 | _aCHP Türkiye raporu | ||
| 830 | _aCHP raporları | ||
| 942 |
_2dcc _cBKS |
||
| 999 |
_c1535 _d1535 |
||